000 00654cam a2200229 4500
001 779020
005 20180117034947.0
008 730511s1973 maub b 001 0 eng
010 _a 73008515
020 _a0669871060
040 _aDLC
_cDLC
_dDLC
041 _aeng
043 _an-us---
080 _a330.9
082 0 0 _a330.9 HAN
100 1 _a19
101 _aSHP
245 1 4 _aThe future of nonmetropolitan America;
_c[by] Niles M. Hansen.
504 _aIncludes bibliographical references.
906 _a7
_bcbc
_corignew
_d1
_eocip
_f19
_gy-gencatlg
942 _2ddc
_cBK
999 _c40402
_d40402